[Event "Chigorin Memorial 07th"]
[Site "St Petersburg"]
[Date "1999.11.03"]
[Round "2"]
[White "Kovaljov, Denis"]
[Black "Shchukin, Dmitry"]
[Result "1-0"]
[WhiteElo "2270"]
[BlackElo "2386"]
[PlyCount "103"]
[EventDate "1999.11.02"]
[EventType "swiss"]
[EventRounds "9"]
[EventCountry "RUS"]
[SourceTitle "CBM 074"]
[Source "ChessBase"]
[SourceDate "2000.02.01"]
[SourceVersion "1"]
[SourceVersionDate "2000.02.01"]
[SourceQuality "1"]

1. Nf3 Nf6 2. g3 d6 3. Bg2 e5 4. d3 Be7 5. 0-0 0-0 6. c4 Nbd7 7. Nc3 Re8 8. Rb1 Nf8 9. b4 Ng6 10. Qb3 c6 11. b5 c5 12. Bg5 Be6 13. Nd2 Qd7 14. Rfe1 Ng4 15. Bxe7 Nxe7 16. Nde4 h6 17. h3 Nf6 18. Nxf6+ gxf6 19. Kh2 Ng6 20. e3 Kg7 21. Rg1 f5 22. f4 Kh7 23. Bh1 Rg8 24. Rbe1 Rg7 25. Qd1 Rag8 26. Qh5 f6 27. Ref1 Ne7 28. Qf3 b6 29. a4 Qe8 30. Qe2 Qf7 31. Rd1 d5 32. fxe5 fxe5 33. d4 cxd4 34. exd4 e4 35. c5 f4 36. Bxe4+ dxe4 37. Qxe4+ Bf5 38. Qxf4 Qh5 39. Qf1 Rf7 40. Qg2 Ng6 41. g4 Bxg4 42. Qxg4 Rf2+ 43. Kh1 Qxg4 44. Rxg4 Rf3 45. Ne4 Rxh3+ 46. Kg1 Rd8 47. c6 Re3 48. Nf6+ Kg7 49. Nh5+ Kh7 50. Rf1 Re7 51. Kh1 Rc7 52. Re4 1-0